किरणों का हरकारा / (Record no. 113636)

MARC details
000 -LEADER
fixed length control field 01047nam a22002777a 4500
003 - CONTROL NUMBER IDENTIFIER
control field dpl
005 - DATE AND TIME OF LATEST TRANSACTION
control field 20190119115603.0
008 - FIXED-LENGTH DATA ELEMENTS--GENERAL INFORMATION
fixed length control field 190119b ||||| |||| 00| 0 eng d
010 ## - LIBRARY OF CONGRESS CONTROL NUMBER
LC control number B-157949
020 ## - INTERNATIONAL STANDARD BOOK NUMBER
Terms of availability 125.00
International Standard Book Number 8185726757
035 ## - SYSTEM CONTROL NUMBER
System control number B-157949, B-185907
037 ## - SOURCE OF ACQUISITION
Source of stock number/acquisition Cen Lib/Ret
040 ## - CATALOGING SOURCE
Original cataloging agency DPL
Language of cataloging HN
Transcribing agency 0
082 ## - DEWEY DECIMAL CLASSIFICATION NUMBER
Classification number 821
Item number मधुर
100 ## - MAIN ENTRY--PERSONAL NAME
Personal name मधुर कमल
9 (RLIN) 53156
245 ## - TITLE STATEMENT
Title किरणों का हरकारा /
Statement of responsibility, etc मधुर कमल
246 ## - VARYING FORM OF TITLE
Title proper/short title Kirnon ka harkara
Remainder of title by Madhur Kamal
260 ## - PUBLICATION, DISTRIBUTION, ETC. (IMPRINT)
Place of publication, distribution, etc दिल्ली
Name of publisher, distributor, etc यात्री प्रकाशन
Date of publication, distribution, etc 2005
270 ## - ADDRESS
Address बी -131, गली न. 2, सादतपुर
City दिल्ली
Postal code 110094
300 ## - PHYSICAL DESCRIPTION
Extent 104पृष्ठ.
Dimensions 21सेमी(सजिल्द)
650 ## - SUBJECT ADDED ENTRY--TOPICAL TERM
Topical term or geographic name as entry element हिंदी साहित्य
9 (RLIN) 53157
650 ## - SUBJECT ADDED ENTRY--TOPICAL TERM
Topical term or geographic name as entry element हिंदी काव्य
9 (RLIN) 53158
650 ## - SUBJECT ADDED ENTRY--TOPICAL TERM
Topical term or geographic name as entry element Hindi Literature
9 (RLIN) 53159
650 ## - SUBJECT ADDED ENTRY--TOPICAL TERM
Topical term or geographic name as entry element Hindi Poetry
9 (RLIN) 53160
942 ## - ADDED ENTRY ELEMENTS (KOHA)
Source of classification or shelving scheme Dewey Decimal Classification
Koha item type Hindi Books
Classification part 821
Call number suffix मधुर
Holdings
Withdrawn status Lost status Damaged status Not for loan Home library Current library Date acquired Source of acquisition Cost, normal purchase price Total Checkouts Full call number Barcode Date last seen Copy number Cost, replacement price Price effective from Koha item type Source of classification or shelving scheme Collection code
        Central Library Central Library 13/08/2015 Cen Lib/Ret 125.00   821 मधुर B-157949 13/08/2015 1 125.00 13/08/2015 Hindi Books    
        Central Library Central Library 25/10/2016 Cen Lib/Ret 125.00   821 मधुर B-185903 25/10/2016 2 125.00 25/10/2016 Hindi Books Dewey Decimal Classification  
        Shahdara Branch Shahdara Branch 19/01/2019 BPPD/PUB 125.00   821 मधुर B-185907 19/01/2019   125.00 19/01/2019 Hindi Books Dewey Decimal Classification Non-fiction

© Delhi Public Library
Hit Counter
free hit counter